|
|
|
|
| LEADER |
00000nam a2200000 a 4500 |
| 001 |
UCI1785 |
| 003 |
CL-VaPUC |
| 008 |
070713e20060800CL |||||||||||||||||spa|d |
| 082 |
0 |
4 |
|a 394.2
|b BRA
|2 21
|
| 100 |
0 |
|
|a Bravo Toro, Milena
|e author
|9 522456
|
| 245 |
1 |
0 |
|a La Tirana, una bella historia de amor
|
| 250 |
|
|
|a 2a. ed
|
| 300 |
|
|
|a 84 p
|
| 942 |
|
|
|c BK
|
| 945 |
|
|
|d 20070713 00:00:00
|a castudil
|
| 260 |
|
|
|a Iquique
|b Oñarte
|c 2006
|
| 650 |
|
0 |
|a Folklore chileno
|9 265536
|
| 650 |
|
7 |
|a FIESTAS TRADICIONALES
|2 CL-VaPUC
|9 476801
|
| 650 |
|
0 |
|a Cofradías
|9 394710
|
| 650 |
|
0 |
|a Fiestas religiosas
|9 349319
|
| 650 |
|
7 |
|a CHUNCHO
|2 CL-VaPUC
|9 522457
|
| 650 |
|
0 |
|a Danzas religiosas
|9 483470
|
| 650 |
|
7 |
|a MORENADA
|2 CL-VaPUC
|9 522458
|
| 650 |
|
7 |
|a CUYACA
|2 CL-VaPUC
|9 522459
|
| 650 |
|
7 |
|a DIABLADA
|2 CL-VaPUC
|9 522460
|
| 650 |
|
7 |
|a BAILE CHINO
|2 CL-VaPUC
|9 471744
|
| 651 |
|
7 |
|a CHILE
|2 CL-VaPUC
|9 522461
|
| 651 |
|
7 |
|a IQUIQUE
|2 CL-VaPUC
|9 357757
|
| 651 |
|
7 |
|a LA TIRANA
|2 CL-VaPUC
|9 515431
|
| 651 |
|
7 |
|a PAMPA DEL TAMARUGAL
|2 CL-VaPUC
|9 348470
|
| 583 |
|
|
|a last modification
|c 20180430 04:48:48
|k Rodrigo Vera
|
| 999 |
|
|
|c 326521
|d 326519
|
| 952 |
|
|
|0 0
|1 0
|4 0
|6 394_200000000000000_BRA_2006
|7 0
|8 X
|9 408444
|a FDOMLP
|b FDOMLP
|d 2019-11-22
|i 4325834
|o 394.2 BRA 2006
|p 4325834
|r 2019-11-22
|w 2019-11-22
|y BK_X
|k BU2
|